00871nam a2200205 i 4500001001100000005001700011008004100028080002300069080003900092100003900131245008700170260008600257300004400343500009700387600002100484650003500505651003400540710008000574852001100654C00006797c20241029142740.0940830s1975 sp f 000 0 spa d a73 Picart, Pierres a729.961.1:726.54(465.11 Irañeta)1 aAndrés Ordax, Salvador (d1941-)14aLos retablos de Pierres Picart en Irañeta (Navarra) / cSalvador Andrés Ordax. aValladolid : bUniversidad, Seminario de Estudios de Arte y Arqueología,c1975. aP. 259-268, [2] p. de lám. ; c25 cm. aSeparata de: Boletín del Seminario de Estudios de Arte y Arqueología, t. XL y LXI, 1975.14aPicart, Pierres. aRetablos-zEspaña-zNavarra. 4aIrañeta (Navarra, España)2 aUniversidad de Valladolid. bSeminario de Estudios de Arte y Arqueología.42jF-2674